OPAC Home

Absolute relative consumption poverty in Sri Lanka : Evidence the consumer finance survey 2003/04 (Record no. 126320)

MARC details
000 -LEADER
fixed length control field 00564nam a2200181Ia 4500
003 - CONTROL NUMBER IDENTIFIER
control field LK-CoDNM
008 - FIXED-LENGTH DATA ELEMENTS--GENERAL INFORMATION
fixed length control field 010623t2007 xxu||||| |||| 00| 1 eng d
040 ## - CATALOGING SOURCE
Original cataloging agency LK-CoDNM
Modifying agency LK-CoDNM
Description conventions LK-CoDNM
041 ## - LANGUAGE CODE
Language code of text/sound track or separate title English
080 ## - UNIVERSAL DECIMAL CLASSIFICATION NUMBER
Universal Decimal Classification number 362.5
Item number GUN
942 ## - ADDED ENTRY ELEMENTS (KOHA)
Koha item type Books
100 ## - MAIN ENTRY--PERSONAL NAME
Personal name Gunewardena, Dileni
700 ## - ADDED ENTRY--PERSONAL NAME
Personal name Meedeniya, Arunika
700 ## - ADDED ENTRY--PERSONAL NAME
Personal name Shivakumaran, Shivapragasam
245 ## - TITLE STATEMENT
Title Absolute relative consumption poverty in Sri Lanka : Evidence the consumer finance survey 2003/04
260 ## - PUBLICATION, DISTRIBUTION, ETC. (IMPRINT)
Name of publisher, distributor, etc. Centre for poverty analysis
Place of publication, distribution, etc. Colombo
Date of publication, distribution, etc. 2007
300 ## - PHYSICAL DESCRIPTION
Other physical details (vii)72, 29.5 cm
Holdings
Withdrawn status Lost status Damaged status Not for loan Collection code Permanent Location Current Location Date acquired Full call number Barcode Koha item type
        Monographs Library National Museum Colombo - Sri Lanka Library National Museum Colombo - Sri Lanka 2023-08-02 362.5 GUN 08- P33552-147 Books
Copyright © 2023 Department of National Museum, Colombo 07, Sri Lanka Funded by UNESCO IFAP UNESCO